000 01039nam a22002297a 4500
999 _c3526
_d3526
003 AR-CdUCM
008 190306b ||||| |||| 00| 0 spa d
040 _aMUNICIPALIDAD PROVINCIAL DEL CUSCO
_cBIBLIOTECA MUNICIPAL DEL CUSCO
041 _heng
082 _a338.209 /
_bD92
100 _aDore, Elizabeth
_911557
245 _aAcumulación y crisis en la minería peruana, 1900-1977 /
260 _aLima :
_bUniversidad Nacional Mayor de San Marcos,
_bInstituto Cultural José María Arguedas,
300 _a168 páginas ;
_c21 cm.
505 _aContenido: La mineria en el contexto del subdesarrollo -- Las relaciones ante la Mineria Peruana y la Minería Mundial -- El crecimiento de la Minería peruana: 1900-1977 -- La restauración del capital, expansión y crisis en la mineria peruana: 1945-1977 -- Nacionalizaciones y recuperación coyuntural.
650 _aMinería
_9430
650 _aPerú
_935
650 _aMinas y recursos minerales
_97125
650 _aAspectos económicos
_9261
942 _2ddc
_cLIBROS
945 _azta